01266nam a2200241Ia 4500001001100000003001000011008004100021040002500062041001300087100003800100245007100138250001100209260004600220300001200266500020100278501011400479520020100593650001300794942000700807957000600814999004200820952016200862L320-23656IT-CnALBA170116s9999||||xx |||||||||||||| ||und|| aIT-CnALBAcIT-CnALBA aITALIANO aCANTONO D. ALESSANDRO, SAC. DOTT. 0aLA SOCIETÀ DI DOMANI NELLA VITTORIA DEL SINDACALISMO CRISTIANO.  a1a ed. a TO BO CT PAbSOCIETÀ ED. INTER. cn.d. a100 p.  aUNA CITTÀ INDUSTRIALE. MUTUE E LEGHE DI LAVORO. ORGANIZZAZIONE SOCIALE DEI CITTADINI CORPORAZIONE COMUNALE. PROPRIETÀ PRIVATA. CRITICA AL SOCIALISMO FESTA SOCIALE. GFCI, SICUT LILIUM, CARRU'.  aSocietà San Paolo EM - Piazza San Paolo, 14 - 12051 ALBA (CN) (non commercial uses only) ® Copyright 2017 aUNA CITTÀ INDUSTRIALE. MUTUE E LEGHE DI LAVORO. ORGANIZZAZIONE SOCIALE DEI CITTADINI CORPORAZIONE COMUNALE. PROPRIETÀ PRIVATA. CRITICA AL SOCIALISMO FESTA SOCIALE. GFCI, SICUT LILIUM, CARRU'.  aPOLITICA cBK 71 a28398bNOg Copie: 1 c282756d282756 0010406L_3202365671aALBAbALBAd2017-01-16l0oL320-23656r2017-01-16 00:00:00w2017-01-16yBKz(data import: 16 gennaio 2017) - By Epidotti, Vaglietti.